| Tag |
First Indicator |
Second Indicator |
Subfields |
| LEADER |
00000cam a2200000 a 4500 |
| 001 |
in00000010952 |
| 005 |
20151007051944.0 |
| 008 |
840810r19851957ilua 00110 eng |
| 010 |
|
|
|a 84016153
|
| 020 |
|
|
|a 0226397416 (pbk.)
|
| 035 |
|
|
|a (OCoLC)11113278
|
| 035 |
|
|
|9 AAA5619AM
|
| 040 |
|
|
|a DLC
|c DLC
|d m/c
|d TXA
|d UtOrBLW
|
| 043 |
|
|
|a n-us-ak
|
| 049 |
|
|
|a TXAM
|c [A11461907]
|
| 050 |
0 |
0 |
|a E99.E7
|b J5 1985
|
| 082 |
0 |
|
|a 306/.08997
|2 19
|
| 100 |
1 |
|
|a Jenness, Diamond,
|d 1886-1969.
|
| 245 |
1 |
0 |
|a Dawn in Arctic Alaska /
|c Diamond Jenness ; illustrations by Giacomo Raimondi.
|
| 264 |
|
1 |
|a Chicago :
|b University of Chicago Press,
|c 1985.
|
| 300 |
|
|
|a 220 pages :
|b illustrations ;
|c 22 cm.
|
| 336 |
|
|
|a text
|b txt
|2 rdacontent
|
| 337 |
|
|
|a unmediated
|b n
|2 rdamedia
|
| 338 |
|
|
|a volume
|b nc
|2 rdacarrier
|
| 500 |
|
|
|a Reprint. Originally published: Minneapolis : University of Minnesota Press, 1957.
|
| 500 |
|
|
|a Includes index.
|
| 650 |
|
0 |
|a Eskimos
|z Alaska.
|
| 611 |
2 |
0 |
|a Canadian Arctic Expedition
|d (1913-1918)
|
| 600 |
1 |
0 |
|a Jenness, Diamond,
|d 1886-1969.
|
| 999 |
|
|
|a MARS
|
| 999 |
f |
f |
|s ad66591c-5237-3e62-9c50-76a544512f00
|i 5ed67cbf-f9e7-3bcf-b2df-afda0c8a7a9b
|t 0
|
| 952 |
f |
f |
|p ric
|a Texas A&M University
|b Rellis Campus
|c Joint Library Facility
|d Remote Storage
|t 0
|e E99.E7 J5 1985
|h Library of Congress classification
|i unmediated -- volume
|m A14811461907
|
| 998 |
f |
f |
|a E99.E7 J5 1985
|t 0
|l Remote Storage
|